A sajtóbeli terjedési folyamatok szemléltetése - Olaszliszka

Elmentve itt :
Bibliográfiai részletek
Szerző: Vörös András
Testületi szerző: Tudásjavak áramlása a közép-kelet-európai régióban a rendszerváltást követően (2008) (Veszprém)
Dokumentumtípus: Könyv része
Megjelent: 2009
Sorozat:Tudásjavak áramlása a közép-kelet-európai régióban a rendszerváltást követően : a Magyar Szociológiai Társaság éves konferenciája
Kulcsszavak:Sajtótörténet - Magyarország - előadáskivonat
Tárgyszavak:
Online Access:http://acta.bibl.u-szeged.hu/68460
LEADER 00991naa a2200217 i 4500
001 acta68460
005 20260224081030.0
008 200824s2009 hu o 100 hun d
020 |a 978-963-9573-55-0 
040 |a SZTE Egyetemi Kiadványok Repozitórium  |b hun 
041 |a hun 
100 1 |a Vörös András 
245 1 2 |a A sajtóbeli terjedési folyamatok szemléltetése - Olaszliszka  |h [elektronikus dokumentum] /  |c  Vörös András 
260 |c 2009 
300 |a 183 
490 0 |a Tudásjavak áramlása a közép-kelet-európai régióban a rendszerváltást követően : a Magyar Szociológiai Társaság éves konferenciája 
650 4 |a Társadalomtudományok 
650 4 |a Média és kommunikáció 
695 |a Sajtótörténet - Magyarország - előadáskivonat 
710 |a Tudásjavak áramlása a közép-kelet-európai régióban a rendszerváltást követően (2008) (Veszprém) 
856 4 0 |u http://acta.bibl.u-szeged.hu/68460/1/2009_tudasjavak_aramlasa_183.pdf  |z Dokumentum-elérés